La Sociología en América Latina; panorama de 25 años /

Guardado en:
書目詳細資料
主要作者: Franco, Rolando
格式: Texto
主題:
標簽: 添加標簽
沒有標簽, 成為第一個標記此記錄!

MARC

LEADER 00000 a a2200000 04500
001 9481
003
040
100 |a Franco, Rolando  
245 |a La Sociología en América Latina; panorama de 25 años /  |c Rolando Franco 
650 |a SOCIOLOGIA  
773 |g número 80; 88 p  
999 |c 27431  |d 27431